| 000 | 00624nam a2200181 a 4500 | ||
|---|---|---|---|
| 005 | 20230525063544.0 | ||
| 008 | 991125s1983 mx 000 0 spa u | ||
| 035 | _aUPN01000007913 | ||
| 049 | _aLTG | ||
| 050 | 4 |
_aLB1585 M6.6 _b1976 LL |
|
| 245 | 0 | 0 |
_aCiencias naturales : _bsexto grado |
| 260 |
_aMéxico : _bSEP, Comisión Nacional de los Libros de Texto Gratuitos, _c1983. |
||
| 300 |
_a239 p. : _bil. col. |
||
| 500 | _a"Libro de texto gratuito" | ||
| 650 | 4 |
_aCiencias naturales _xEstudio y enseñanza (Elemental) _92812 |
|
| 710 | 2 |
_aComisión Nacional de los Libros de Texto Gratuitos (México) _928140 |
|
| 905 | _aLibro | ||
| 999 |
_c7913 _d7913 |
||